000 00836cam a2200265 a 4500
001 31874
005 20230410103604.0
008 850221s1983 uy af b 000 0 spa
035 _9(DLC) 85120784
035 _a1446610
010 _a85120784
040 _aDLC
_cDLC
_dOCoLC
_dDLC
043 _acl-----
050 1 4 _a120 F 2235.3
_bB689 1983
082 0 0 _a980/.02/0924
_219
245 0 0 _aBolívar, 1783-1983.
260 _aMontevideo, Uruguay :
_bALADI,
_c[1983]
300 _a86 p., [4] p. of plates :
_bill. ;
_c30 cm.
490 0 _aSíntesis ALADI. Extraordinaria ;
_vno. 1
504 _aIncludes bibliographical references.
600 1 0 _aBolívar, Simón,
_d1783-1830.
651 0 _aLatin America
_xHistory
_yWars of Independence, 1806-1830
_xSources.
651 0 _aLatin America
_xEconomic integration.
942 _2lcc
_cbk
999 _c21951
_d21951